Normal view
MARC view
Entry Personal Name
001 - CONTROL NUMBER
- control field: 159340
003 - CONTROL NUMBER IDENTIFIER
- control field: OSt
005 - DATE AND TIME OF LATEST TRANSACTION
- control field: 20220923211205.0
008 - FIXED-LENGTH DATA ELEMENTS
- fixed length control field: 220923|| aca||aabn | a|a d
040 ## - CATALOGING SOURCE
- Original cataloging agency: OSt
- Transcribing agency: OSt
100 ## - HEADING--PERSONAL NAME
- Personal name: स्वामी, परमहंस ब्रह्मानन्द; श्रीकृष्ण, संपा
670 ## - SOURCE DATA FOUND
- Source citation: Work cat.: (OSt)296565: स्वामी, परमहंस ब्रह्मानन्द; श्रीकृष्ण, संपा., श्रीमद् योगगीता, 2008
